Γαιόραμα
Αποθηκεύτηκε σε:
| Μορφή: | Περιοδική έκδοση |
|---|---|
| Γλώσσα: | Greek |
| Δημοσίευση: |
Αθήνα :
Τερζόπουλος,
[1993-
|
| Θέματα: | |
| Ετικέτες: |
Προσθήκη ετικέτας
Δεν υπάρχουν, Καταχωρήστε ετικέτα πρώτοι!
|
MARC
| LEADER | 00000cas a2200000 i 4500 | ||
|---|---|---|---|
| 001 | 1/18545 | ||
| 008 | 010316c19939999 gre | ||
| 022 | |a 11064692 | ||
| 035 | |l 10066530 | ||
| 040 | |a GR-MY-UA |b gre |e aacr | ||
| 041 | 0 | |a gre | |
| 082 | 0 | |a 570.5 | |
| 245 | 1 | 0 | |a Γαιόραμα |h [περιοδικό] |
| 260 | |a Αθήνα : |b Τερζόπουλος, |c [1993- | ||
| 300 | |a τχ.; |b εικ.; |c 24 εκ. | ||
| 310 | |a Διμινιαίο | ||
| 650 | 0 | 0 | |a Ecology |x Periodicals. |
| 650 | 0 | 0 | |a Civilization |x Periodicals. |
| 650 | 0 | 0 | |a Geography |x Periodicals. |
| 650 | 0 | 0 | |a Life sciences |x Periodicals. |
| 853 | |a INST |b SAMOS |c SER | ||
| 853 | |a INST |b SYROS |c SER | ||
| 922 | |a 5ΕΛΗ |b 200001 |c ΚΕΝΤΡΙΚΗ ΒΙΒΛΙΟΘΗΚΗ |d ΒΛΑΧΑΚΟΣ | ||
| 922 | |a 3ΕΛΗ |b 200106 |c ΚΕΝΤΡΙΚΗ ΒΙΒΛΙΟΘΗΚΗ |d ΒΛΑΧΑΚΟΣ | ||